Dokumentárne inkaso v medzinárodnom platobnom styku
Guardado en:
| Autor principal: | |
|---|---|
| Autor Corporativo: | |
| Formato: | Libro |
| Lenguaje: | eslovaco |
| Publicado: |
Bratislava
Vydavateľstvo EKONÓM
2002
|
| Materias: | |
| Etiquetas: |
Sin Etiquetas, Sea el primero en etiquetar este registro!
|
MARC
| LEADER | 00000nam a2200000 4500 | ||
|---|---|---|---|
| 001 | c137641 | ||
| 005 | 20240502071322.5 | ||
| 020 | |a 80-225-1574-4 | ||
| 041 | 0 | |a slo | |
| 044 | |a SK | ||
| 245 | 1 | 0 | |a Dokumentárne inkaso v medzinárodnom platobnom styku |c Renáta Vokorokosová |
| 264 | 1 | |a Bratislava |b Vydavateľstvo EKONÓM |c 2002 | |
| 300 | |a 97 s. | ||
| 610 | 2 | 0 | |a inkaso dokumentárne |
| 610 | 2 | 0 | |a styk platobný medzinárodný |
| 610 | 2 | 0 | |a riziko obchodné |
| 610 | 2 | 0 | |a dokumenty platobné |
| 610 | 2 | 0 | |a inkaso dokumentárne |
| 610 | 2 | 0 | |a úpravy právne |
| 610 | 2 | 0 | |a dovoz |
| 610 | 2 | 0 | |a vývoz |
| 610 | 2 | 0 | |a služby bankové |
| 610 | 2 | 0 | |a prenos dát |
| 610 | 2 | 0 | |a Slovensko |
| 100 | 1 | |a Vokorokosová, Renáta, 1967- | |
| 710 | 2 | |a Ekonomická univerzita v Bratislave. Podnikovohospodárska fakulta so sídlom v Košiciach | |